000
00339nam a2200145Ia 4500
003
OSt
005
20240301102347.0
008
170524s9999 xx 000 0 und d
020
_a
978-8126123544
040
_c
iimtu meerut
100
_a
MUNIRUDDIN
245
0
_a
HISTORY OF JOURNALISM
260
_b
ANMOL PUB. : NEW DELHI
942
_2
ddc
_c
02
999
_c
9222
_d
9222